000 00481nam a2200181Ia 4500
005 20250326124213.0
008 250326s9999 xx 000 0 und d
037 _aTextbook
040 _aFMSL
_beng
_cFMSL
041 _aeng
_2eng
084 _aX:51:f L1
_qFMSL
100 _aWilson A
245 0 _aArt and practice of marketing
_cWilson A
260 _aLondon
_bLondon, Hutchinson
_c1971
300 _a150p
942 _cTB
_hX:51:f L1
999 _c1272726
_d1272726